VietNam 1997-1998.

Zapisane w:
Opis bibliograficzny
Format: Książka
Wydane: Thế giới 1997
Etykiety: Dodaj etykietę
Nie ma etykietki, Dołącz pierwszą etykiete!
Thư viện lưu trữ: Mạng thư viện Đại học Đà Nẵng
LEADER 00480nam a2200217 a 4500
001 000029170
003 6085
005 20171030145630.0
008 171030s1997
020 |c 37500 
040 |a LTT 
082 0 |a 320.1  |b Vi-N 
245 0 0 |a VietNam 1997-1998. 
260 |b Thế giới  |c 1997 
OWN |a LTT 
999 |a From the UDN01 
TYP |a Monograph 
TYP |a Printed language 
980 |a Mạng thư viện Đại học Đà Nẵng